Danske essays og provetryk, 1849-1902 (Record no. 1998)

000 -LEADER
fixed length control field 00393nam a22001097a 4500
008 - FIXED-LENGTH DATA ELEMENTS--GENERAL INFORMATION
fixed length control field 160509b xxu||||| |||| 00| 0 eng d
100 ## - MAIN ENTRY--AUTHOR'S NAME
Author's Name Schmidt-Andersen, J.
245 ## - TITLE STATEMENT
Title Danske essays og provetryk, 1849-1902
260 ## - PUBLICATION, DISTRIBUTION, ETC. (IMPRINT)
Name of publisher, distributor, etc. Nordisk Filatelistisk Tidsskrift
Date of publication, distribution, etc. 1950
650 ## - TOPICAL TERM (Tag)
Topical term or geographic name Denmark | Essays and Proofs | 1849-1902 | 19th Century | 20th Century | Production | Designs
700 ## - SECONDARY AUTHOR, EDITOR OR ILLUSTRATOR
Personal Name King-Farlow, R.
Holdings
Withdrawn status Lost status Source of classification or shelving scheme Damaged status Koha normalized classification for sorting Not for loan Permanent Location Current Location Date acquired Total Checkouts Total Holds Full call number Barcode Date last seen Price effective from
        G6921 E78 S354   Northern Philatelic Library Northern Philatelic Library 05/09/2016   32767 G6921 E78 S354 1002322 05/09/2016 05/09/2016

Powered by Koha